000 00445nam a2200181Ia 4500
001 25015
005 20260414151121.0
008 260414t2012||||xx |||||||||||||| ||spa||
041 _aESP
082 _a346.1
_bE88 T. 1
100 _aEspinoza Espinoza, Juan
_eAUT
245 0 _aDerecho de personas :
_bconcebido y personas naturales
260 _c2012
300 _a
_c25 cm.
650 _aDER
654 _aCDE
942 _cLIB
_dJUS
_fJUS
_2ddc
_n
999 _c25015
_d25015